| 000 | 00418nam a22001577a 4500 | ||
|---|---|---|---|
| 999 |
_c3477 _d3477 |
||
| 003 | URS | ||
| 005 | 20220114142524.0 | ||
| 008 | 200220s2002 |||| |||| 00| 0 eng d | ||
| 020 | _a184205189x | ||
| 040 |
_cURS _beng _drda |
||
| 050 | 1 | 4 |
_aPE 1625 _b.W385 2002 |
| 245 | 0 | 0 | _aWebster's universal dictionary and thesaurus |
| 260 |
_aNew lanark: _bGoddes & Grosset; _c[2002] |
||
| 300 |
_a959 pages _c27 cm |
||
| 942 |
_2lcc _cREF |
||